Debussy

Saved in:
Bibliographic Details
Main Author: Lockspeiser, Edward (autor)
Format: Book
Language:Spanish
Published: Buenos Aires Schapire 1944
Series:Colección los Grandes Músicos
Subjects:
Tags: Add Tag
No Tags, Be the first to tag this record!

MARC

LEADER 00000nam a2200000 a 4500
001 UCN1264
003 CL-VaPUC
008 010420e19440000AG |||||||||||||||||spa|d
082 0 4 |a 780.92  |b LOC  |2 21 
100 |a Lockspeiser, Edward  |e autor  |9 456801 
245 1 0 |a Debussy 
300 |a 366 p 
942 |c BK 
945 |d 20010420 00:00:00  |a crobeson 
260 |a Buenos Aires  |b Schapire  |c 1944 
600 0 |a Debussy, Claude  |9 267200 
650 0 |a Compositores franceses  |9 328980 
583 |a last modification  |c 20010420 00:00:00  |k Rodrigo Vera 
490 0 |a Colección los Grandes Músicos 
999 |c 294839  |d 294837 
952 |0 0  |1 0  |4 0  |6 780_920000000000000_LOC_1944  |7 0  |8 A  |9 347578  |a BIBEDU  |b BIBEDU  |d 2019-11-20  |i 1180002  |o 780.92 LOC 1944  |p 1180002  |r 2023-01-12  |w 2019-11-20  |y BK  |k MUS